Polska - Szkocja 14.10.2014 - Statystyki

Ogólne statystyki
  • Ten quiz został rozwiązany 64 razy
  • Średni wynik to 10 z 13
Statystyki odpowiedzi
Pozycja Klub Odpowiedź % Poprawnych
Bramkarz Arsenal Wojciech Szczęsny
100%
Obrońca Torino Kamil Glik
98%
Obrońca Borussia Dortmund Łukasz Piszczek
98%
Pomocnik Sevilla Grzegorz Krychowiak
97%
Napastnik Bayern Monachium Robert Lewandowski
95%
Napastnik Ajax Amsterdam Arkadiusz Milik
92%
Skrzydłowy Stade Rennais Kamil Grosicki
92%
Obrońca Steaua Bukareszt Łukasz Szukała
73%
Obrońca FK Krasnodar Artur Jędrzejczyk
60%
Pomocnik Guizhou Renhe Krzysztof Mączyński
60%
Pomocnik (zmiennik) Śląsk Wrocław Sebastian Mila
57%
Skrzydłowy Club Brugge Waldemar Sobota
40%
Skrzydłowy (zmiennik) Legia Warszawa Michał Żyro
17%
Nie znaleziono quizów pasujących do podanych kryteriów
Rozkład punktacji
Procent ludzi z każdym wynikiem
Percentyl według liczby udzielonych odpowiedzi
Twoja historia wyników
Nie rozwiązałeś tego quizu